000 00313nam a2200121 a 4500
008 110426s1974|||| d
245 1 0 _aKultúrny rozvoj Slovenska (Retrospektíva do roku 1970)
020 _c30
044 _axo
_cSK
041 _aslo
260 _bObzor
_aBratislava
_c1974
100 1 _aPaška, Pavol
999 _c19176
_d19176